Completion report of survey & settlement of the Baudh Feudatory State, 1913. (Record no. 82391)

MARC details
000 -LEADER
fixed length control field 00954cam a22003011 4500
001 - CONTROL NUMBER
control field sa 68008377
003 - CONTROL NUMBER IDENTIFIER
control field DLC
005 - DATE AND TIME OF LATEST TRANSACTION
control field 20260227112532.0
008 - FIXED-LENGTH DATA ELEMENTS--GENERAL INFORMATION
fixed length control field 861119q1960 ii s000 0 eng
010 ## - LIBRARY OF CONGRESS CONTROL NUMBER
LC control number sa 68008377
025 ## - OVERSEAS ACQUISITION NUMBER
Overseas acquisition number PL480:I-E-8558
035 ## - SYSTEM CONTROL NUMBER
System control number (OCoLC)14768828
040 ## - CATALOGING SOURCE
Original cataloging agency DLC
Transcribing agency WaU
Modifying agency WaU
-- DLC
042 ## - AUTHENTICATION CODE
Authentication code premarc
043 ## - GEOGRAPHIC AREA CODE
Geographic area code a-ii---
050 00 - LIBRARY OF CONGRESS CALL NUMBER
Classification number HJ4387.B3
Item number A5
110 1# - MAIN ENTRY--CORPORATE NAME
Corporate name or jurisdiction name as entry element Baudh (India : State)
245 10 - TITLE STATEMENT
Title Completion report of survey & settlement of the Baudh Feudatory State, 1913.
260 ## - PUBLICATION, DISTRIBUTION, ETC.
Place of publication, distribution, etc. [Balugan,
Date of publication, distribution, etc. 196-?]
300 ## - PHYSICAL DESCRIPTION
Extent 60, 4 p.
Dimensions 25 cm.
500 ## - GENERAL NOTE
General note Cover title.
500 ## - GENERAL NOTE
General note At head of title: Govt. of Orissa.
500 ## - GENERAL NOTE
General note "Reprinted under the authority of Board of Revenue, Orissa, Cuttack."
650 #0 - SUBJECT ADDED ENTRY--TOPICAL TERM
Topical term or geographic name entry element Land value taxation
Geographic subdivision India
-- Baudh (State)
650 #0 - SUBJECT ADDED ENTRY--TOPICAL TERM
Topical term or geographic name entry element Land tenure
Geographic subdivision India
-- Baudh (State)
650 #0 - SUBJECT ADDED ENTRY--TOPICAL TERM
Topical term or geographic name entry element Agriculture
General subdivision Economic aspects
Geographic subdivision India
-- Baudh (State)
710 1# - ADDED ENTRY--CORPORATE NAME
Corporate name or jurisdiction name as entry element Orissa (India)

No items available.

Powered by Koha